Ιστορία του παγκόσμιου κινηματογράφου

Αποθηκεύτηκε σε:
Λεπτομέρειες βιβλιογραφικής εγγραφής
Κύριος συγγραφέας: Reader, Keith
Άλλοι συγγραφείς: Τριανταφύλλου, Σώτη, 1957- (trlf)
Μορφή: Βιβλίο
Γλώσσα:Greek
English
Δημοσίευση: Αθήνα : Αιγόκερως, 1985.
Σειρά:Κινηματογράφος (Αιγόκερως (Εταιρεία))
Θέματα:
Ετικέτες: Προσθήκη ετικέτας
Δεν υπάρχουν, Καταχωρήστε ετικέτα πρώτοι!

MARC

LEADER 00000cam a2200000 i 4500
001 1/16609
008 931014s1985 gr | ||| |||| ||gre||
035 |a 1992  |l 10065835 
035 |a 1989  |b 2  |c Δωρεά 
040 |a GR-MyUa  |b gre  |e AACR2 
041 1 |a gre  |h eng 
082 7 |a 778.5309   |2 (21)  
082 7 |a 791.4309   |2 (21) 
100 1 |a Reader, Keith. 
245 1 0 |a Ιστορία του παγκόσμιου κινηματογράφου /   |c Κήθ Ρήντερ ; μετάφραση Σώτη Τριανταφύλλου.  
260 |a Αθήνα :   |b Αιγόκερως,   |c 1985. 
300 |a 367 σ. :   |b εικ. ;   |c 24 εκ. 
490 1 |a (Κινηματογραφική σειρά / Αιγόκερως) 
650 0 |a Motion pictures  |x History. 
700 1 |a Τριανταφύλλου, Σώτη,   |d 1957-  |e trlf 
830 0 |a Κινηματογράφος (Αιγόκερως (Εταιρεία)) 
852 |a INST  |b LESVOS  |e 19980618  |h 791.4309 REA  |p 005100014322  |q 005100014322  |t BK  |y 0 
852 |a INST  |b LESVOS  |e 19980618  |h 791.4309 REA  |p 005100014323  |q 005100014323  |t BK  |y 0 
852 |a INST  |b LESVOS  |e 19980618  |h 791.4309 REA  |p 005100014324  |q 005100014324  |t BK  |y 0 
852 |a INST  |b LESVOS  |e 19980618  |h 791.4309 REA  |p 005100014325  |q 005100014325  |t BK  |y 0 
852 |a INST  |b RHODES  |e 19931014  |h 778.5309 RID  |p 005400007843  |q 005400007843  |t BK  |y 0 
852 |a INST  |b SAMOS  |e 19941103  |h 791.4309 REA  |p 005300009227  |q 005300009227  |t BK  |y 0 
852 |a INST  |b SYROS  |e 20010201  |h 791.4309 REA  |p 005500001488  |q 005500001488  |t BK  |y 0 
901 |a BIBL5-2001-1 
901 |a BIBL-1998-2 
922 |a 1ΔΩΡ  |b 199804  |c ΦΜ 
922 |a 1ΔΩΡ  |b 199804  |c ΦΜ 
970 |a Κοντού  |b Παρασκευή  |z 01/02/2001